[Event "Chinese League"]
[Site "Chaongqing CHN"]
[Date "2011.08.12"]
[Round "11"]
[White "Zhao, Xue"]
[Black "Gu, Xiaobing"]
[Result "1-0"]
[WhiteTitle "GM"]
[BlackTitle "WGM"]
[WhiteElo "2495"]
[BlackElo "2369"]
[WhiteTeam "Beijing"]
[BlackTeam "Shandong"]
[WhiteFideId "8601283"]
[BlackFideId "8602611"]
[EventDate "2011.04.12"]

1. d4 Nf6 2. c4 g6 3. Nc3 Bg7 4. e4 d6 5. Nf3 O-O 6. Be2 e5 7. O-O Na6 8. Re1 c6
9. Be3 Ng4 10. Bg5 Qe8 11. h3 f6 12. Bh4 Nh6 13. Rb1 f5 14. c5 exd4 15. Bc4+ Kh8
16. exf5 Bxf5 17. Rxe8 Raxe8 18. cxd6 dxc3 19. bxc3 Bxb1 20. d7 Bf5 21. dxe8=Q
Rxe8 22. Qd6 Ng8 23. g4 Bb1 24. Qd7 Rb8 25. Qd1 Be4 26. Ng5 Nf6 27. Qd6 b5 28.
Nf7+ Kg8 29. Nh6+ Kh8 30. Bxf6 1-0

[Event "Chinese League"]
[Site "Chaongqing CHN"]
[Date "2011.08.12"]
[Round "11"]
[White "Wang, Jue"]
[Black "Nebolsina, Vera"]
[Result "1-0"]
[BlackTitle "WGM"]
[WhiteElo "2275"]
[BlackElo "2271"]
[WhiteTeam "Beijing"]
[BlackTeam "Shandong"]
[WhiteFideId "8604070"]
[BlackFideId "4163591"]
[EventDate "2011.04.12"]

1. e4 e5 2. Nf3 Nf6 3. Nxe5 d6 4. Nf3 Nxe4 5. Nc3 Nxc3 6. dxc3 Be7 7. Be3 Nc6 8.
Qd2 Be6 9. O-O-O Bf6 10. Kb1 Qd7 11. h3 h6 12. g4 a6 13. Bg2 O-O-O 14. Rhe1 Na5
15. Bd4 c5 16. Bxf6 gxf6 17. Nh4 h5 18. Nf5 Nc4 19. Qc1 hxg4 20. hxg4 Rh2 21.
Be4 Rxf2 22. b3 Qb5 23. Ka1 Ne5 24. Rxd6 Qa5 25. Red1 Rxd6 26. Nxd6+ Kb8 27. Kb2
c4 28. Nxb7 Qb6 29. Rd6 Nd3+ 30. Bxd3 Qxb7 31. Qe3 Rf3 32. Qc5 cxd3 33. Rb6 dxc2
34. Rxb7+ Kxb7 35. Kxc2 Rf4 36. Qe7+ Kc6 37. Qa7 Rxg4 38. Qxa6+ Kc7 39. c4 1-0

[Event "Chinese League"]
[Site "Chaongqing CHN"]
[Date "2011.08.12"]
[Round "11"]
[White "Zhou, Jianchao"]
[Black "Wang, Chen"]
[Result "1/2-1/2"]
[WhiteTitle "GM"]
[WhiteElo "2660"]
[BlackElo "2435"]
[WhiteTeam "Shanghai"]
[BlackTeam "Chongqing"]
[WhiteFideId "8603537"]
[BlackFideId "8601020"]
[EventDate "2011.04.12"]

1. d4 d5 2. c4 e6 3. Nc3 c5 4. cxd5 cxd4 5. Qa4+ Bd7 6. Qxd4 exd5 7. Qxd5 Nc6 8.
Nf3 Nf6 9. Qd3 Qb6 10. a3 Be7 11. e3 O-O 12. Be2 Rfd8 13. O-O Rac8 14. Rd1 Na5
15. Qc2 Qb3 16. Qb1 Qb6 17. Nd4 Bd6 18. b4 Nc4 19. Qb3 Qc7 20. g3 a6 21. Bxc4
Qxc4 22. Qxc4 Rxc4 23. Bb2 Be5 24. Nce2 h5 25. f3 Nd5 26. Kf2 Nb6 27. Rab1 Ba4
28. Rdc1 Rdc8 29. Rxc4 Nxc4 30. Nf5 Kf8 31. Bxe5 Nxe5 32. Nfd4 Bc2 33. Ra1 Nd3+
34. Kg2 Ba4 35. h4 g6 36. e4 Ne5 37. Kf2 Ke7 38. Ra2 Nd3+ 39. Ke3 Ne5 40. Ra1
Nc4+ 41. Kf4 Nb2 42. e5 Bb5 43. Nxb5 axb5 44. Nd4 Rc4 45. Ke4 Na4 46. Kd3 Nb2+
47. Ke4 Na4 48. g4 hxg4 49. fxg4 Nc3+ 50. Kd3 Nd5 51. Rf1 Rc3+ 52. Ke4 Nc7 53.
Rh1 Rc4 54. Kd3 Ne6 55. Nxe6 Kxe6 56. h5 Kxe5 57. h6 Rc8 58. Rf1 f6 59. g5 fxg5
60. Rf7 Ra8 61. Rxb7 Rxa3+ 62. Ke2 Rh3 63. h7 Kd4 64. Rxb5 1/2-1/2

[Event "Chinese League"]
[Site "Chaongqing CHN"]
[Date "2011.08.12"]
[Round "11"]
[White "Ni, Hua"]
[Black "Gao, Rui"]
[Result "1-0"]
[WhiteTitle "GM"]
[BlackTitle "IM"]
[WhiteElo "2646"]
[BlackElo "2435"]
[WhiteTeam "Shanghai"]
[BlackTeam "Chongqing"]
[WhiteFideId "8601160"]
[BlackFideId "8602387"]
[EventDate "2011.04.12"]

1. Nf3 Nf6 2. c4 g6 3. Nc3 d5 4. cxd5 Nxd5 5. g3 Bg7 6. Bg2 Nb6 7. O-O Nc6 8. d3
O-O 9. Be3 e5 10. Qd2 Nd4 11. Bh6 c6 12. Bxg7 Nxf3+ 13. Bxf3 Kxg7 14. b4 Be6 15.
a4 Nc4 16. Qc2 Nd6 17. b5 Rc8 18. Qb2 f6 19. a5 cxb5 20. Nxb5 Nxb5 21. Qxb5 b6
22. axb6 Qxb6 23. Qxb6 axb6 24. Rfb1 Rb8 25. Ra6 Rfc8 26. Kg2 Rc7 27. Rbxb6 Rxb6
28. Rxb6 Bf7 29. h4 Rd7 30. Rb5 Re7 31. g4 h6 32. Be4 Be6 33. Kg3 f5 34. Bd5 Kf7
35. Bxe6+ Kxe6 36. Rb6+ Kf7 37. gxf5 gxf5 38. Rxh6 Kg7 39. Rd6 Ra7 40. Re6 Ra5
41. f4 1-0

[Event "Chinese League"]
[Site "Chaongqing CHN"]
[Date "2011.08.12"]
[Round "11"]
[White "Huang, Qian"]
[Black "Ju, Wenjun"]
[Result "1/2-1/2"]
[WhiteTitle "WGM"]
[BlackTitle "WGM"]
[WhiteElo "2394"]
[BlackElo "2519"]
[WhiteTeam "Chongqing"]
[BlackTeam "Shanghai"]
[WhiteFideId "8602689"]
[BlackFideId "8603006"]
[EventDate "2011.04.12"]

1. d4 Nf6 2. Nf3 g6 3. c4 Bg7 4. g3 O-O 5. Bg2 c6 6. O-O d5 7. Qb3 Qb6 8. Nc3
Rd8 9. Bf4 dxc4 10. Qxc4 Be6 11. Qd3 Na6 12. Qc2 Nb4 13. Qb1 Nbd5 14. Qc2 Bf5
15. e4 Nxf4 16. exf5 Nxg2 17. fxg6 hxg6 18. Kxg2 Rd6 19. Rfe1 e6 20. Rad1 Rad8
21. h4 a6 22. Na4 Qc7 23. Nc5 a5 24. b3 Rd5 25. Nd3 Ng4 26. Re4 Nf6 27. Ree1 Ng4
28. Re4 Nf6 29. Ree1 1/2-1/2

[Event "Chinese League"]
[Site "Chaongqing CHN"]
[Date "2011.08.12"]
[Round "11"]
[White "Liu, Qingnan"]
[Black "Zhou, Weiqi"]
[Result "1/2-1/2"]
[WhiteTitle "IM"]
[BlackTitle "GM"]
[WhiteElo "2435"]
[BlackElo "2592"]
[WhiteTeam "Tianjin"]
[BlackTeam "Jiangsu"]
[WhiteFideId "8603294"]
[BlackFideId "8601674"]
[EventDate "2011.04.12"]

1. e4 c6 2. d4 d5 3. e5 Bf5 4. Nf3 e6 5. Be2 Ne7 6. O-O Nc8 7. b3 Nb6 8. c4 dxc4
9. bxc4 c5 10. Bg5 Be7 11. Bxe7 Qxe7 12. d5 O-O 13. Nc3 f6 14. a4 Na6 15. d6 Qf7
16. Bd3 Nb4 17. Ne4 Rad8 18. Qb3 Nd7 19. exf6 gxf6 20. Nh4 Ne5 21. Nxf5 exf5 22.
Nxc5 Nbxd3 1/2-1/2

[Event "Chinese League"]
[Site "Chaongqing CHN"]
[Date "2011.08.12"]
[Round "11"]
[White "Ma, Qun"]
[Black "Xu, Jun"]
[Result "1/2-1/2"]
[BlackTitle "GM"]
[WhiteElo "2427"]
[BlackElo "2486"]
[WhiteTeam "Tianjin"]
[BlackTeam "Jiangsu"]
[WhiteFideId "8603154"]
[BlackFideId "8600031"]
[EventDate "2011.04.12"]

1. e4 c5 2. Nf3 d6 3. d4 cxd4 4. Nxd4 Nf6 5. Nc3 a6 6. Be3 e6 7. g4 h6 8. Bg2
Qc7 9. f4 Nc6 10. h3 Be7 11. Qf3 Na5 12. O-O Nc4 13. Bc1 Nd7 14. b3 Na5 15. Nce2
b6 16. c4 Bb7 17. Bb2 Bf6 18. Rad1 Nc6 19. Qe3 Nxd4 20. Bxd4 e5 21. fxe5 Bxe5
22. Ng3 g6 23. Ne2 Rd8 24. Kh1 Bxd4 25. Nxd4 Ne5 26. Nf3 Nxf3 27. Bxf3 Qc5 28.
Qxc5 dxc5 29. Rxd8+ Kxd8 30. e5 Bxf3+ 31. Rxf3 Ke7 32. Rf6 b5 33. Rxa6 bxc4 34.
bxc4 Rb8 35. Rc6 Rb2 36. a4 Ra2 37. Rxc5 Rxa4 38. Kg2 Ra3 1/2-1/2

[Event "Chinese League"]
[Site "Chaongqing CHN"]
[Date "2011.08.12"]
[Round "11"]
[White "Guo, Qi"]
[Black "Ning, Chunhong"]
[Result "1/2-1/2"]
[BlackTitle "WGM"]
[WhiteElo "2331"]
[BlackElo "2313"]
[WhiteTeam "Jiangsu"]
[BlackTeam "Tianjin"]
[WhiteFideId "8604002"]
[BlackFideId "8600376"]
[EventDate "2011.04.12"]

1. d4 d5 2. Nf3 Nf6 3. c4 c6 4. Nc3 dxc4 5. a4 Bf5 6. Ne5 e6 7. f3 c5 8. e4 Bg6
9. Be3 cxd4 10. Qxd4 Qxd4 11. Bxd4 Nfd7 12. Nxd7 Nxd7 13. Bxc4 a6 14. h4 h6 15.
Ke2 Rc8 16. Ba2 Rg8 17. Rad1 Bc5 18. h5 Bh7 19. Bxc5 Rxc5 20. Rd4 Ke7 21. g4 Ne5
22. Rhd1 Rc7 23. Ke3 Rgc8 24. Rb4 Nc6 25. Rc4 Ne5 26. Rxc7+ Rxc7 27. Rg1 f6 28.
Rg2 Nc4+ 29. Kd3 Ne5+ 30. Ke3 Nc4+ 31. Kd3 Ne5+ 32. Ke3 Nc4+ 1/2-1/2

[Event "Chinese League"]
[Site "Chaongqing CHN"]
[Date "2011.08.12"]
[Round "11"]
[White "Wan, Yunguo"]
[Black "Wang, Shuai"]
[Result "1/2-1/2"]
[BlackTitle "IM"]
[WhiteElo "2458"]
[BlackElo "2424"]
[WhiteTeam "Hebei"]
[BlackTeam "Qingdao"]
[WhiteFideId "8603189"]
[BlackFideId "3403955"]
[EventDate "2011.04.12"]

1. e4 c5 2. Nf3 d6 3. d4 cxd4 4. Nxd4 Nf6 5. Nc3 g6 6. g3 Bg7 7. Bg2 O-O 8. O-O
Nc6 9. Nde2 Rb8 10. a4 a6 11. h3 b5 12. axb5 axb5 13. Be3 b4 14. Nd5 Nd7 15. Ra2
e6 16. Ndf4 Nc5 17. b3 Ne5 18. g4 Bb7 19. Ng3 Qc7 20. g5 Ra8 21. Rxa8 Rxa8 22.
Bd4 Ncd7 23. Nfe2 f6 24. gxf6 Nxf6 25. f4 Ned7 26. Qd2 Ra2 27. Rc1 Ba6 28. Qxb4
Rxc2 29. Qa3 Rxc1+ 30. Qxc1 Qxc1+ 31. Nxc1 Nxe4 32. Bxg7 Nxg3 33. Bc3 d5 34. Kf2
Nf5 35. b4 Bc4 36. Ne2 Bxe2 37. Kxe2 Kf7 38. Kd3 Ke7 39. Bf3 Kd6 40. Bg4 Kc6 41.
Bxf5 gxf5 42. Kd4 Kb5 43. Be1 Kc6 44. Bd2 Nb6 45. Be1 Nc4 46. Bc3 Kb5 47. Be1
Kc6 48. Bc3 Kd7 49. Kc5 Kc7 50. b5 1/2-1/2

[Event "Chinese League"]
[Site "Chaongqing CHN"]
[Date "2011.08.12"]
[Round "11"]
[White "Wang, Rui"]
[Black "Ma, Zhonghan"]
[Result "1/2-1/2"]
[WhiteTitle "GM"]
[WhiteElo "2437"]
[BlackElo "2262"]
[WhiteTeam "Hebei"]
[BlackTeam "Qingdao"]
[WhiteFideId "8601003"]
[BlackFideId "8607206"]
[EventDate "2011.04.12"]

1. d4 d5 2. c4 c6 3. Nf3 Nf6 4. Nc3 a6 5. c5 Nbd7 6. Bf4 Nh5 7. e3 g6 8. h4 Bg7
9. Be2 Nxf4 10. exf4 Qc7 11. Qd2 h5 12. O-O Nf6 13. Rfe1 Bf5 14. g3 O-O 15. Bd3
e6 16. Rac1 Rfe8 17. Kg2 Nd7 18. Na4 Nf6 19. Nc3 Nd7 20. Re3 Bxd3 21. Rxd3 b6
22. cxb6 Nxb6 23. Qd1 c5 24. dxc5 Nc4 25. Na4 Bxb2 26. Rb1 Ba3 27. Nb6 Rad8 28.
Qa4 Bxc5 29. Nxc4 dxc4 30. Qxc4 Rxd3 31. Qxd3 Qa7 32. Rb2 Qa8 33. Qc4 Rc8 34.
Rc2 Rc7 35. Qd3 Bd6 1/2-1/2

[Event "Chinese League"]
[Site "Chaongqing CHN"]
[Date "2011.08.12"]
[Round "11"]
[White "Gong, Qianyun"]
[Black "Wang, Doudou"]
[Result "1/2-1/2"]
[WhiteTitle "WIM"]
[WhiteElo "2232"]
[BlackElo "2182"]
[WhiteTeam "Qingdao"]
[BlackTeam "Hebei"]
[WhiteFideId "8602425"]
[BlackFideId "8603197"]
[EventDate "2011.04.12"]

1. e4 e5 2. Nf3 Nc6 3. Bc4 Nf6 4. d3 Bc5 5. c3 d6 6. Bb3 a6 7. h3 Ba7 8. O-O h6
9. Be3 O-O 10. Nbd2 Re8 11. Re1 Be6 12. Bc2 d5 13. Bxa7 Rxa7 14. Nh2 dxe4 15.
dxe4 Ra8 16. Qe2 Qe7 17. Ndf1 Qc5 18. Ne3 Ne7 19. Nhg4 Nxg4 20. hxg4 Rad8 21. a4
Ng6 22. g3 Rd7 23. Rad1 Red8 24. Rxd7 Rxd7 25. Rd1 Qc6 26. Kh2 Rxd1 27. Qxd1 Qd7
28. Qxd7 Bxd7 29. a5 Ne7 30. f3 Kf8 31. b4 c5 32. bxc5 Nc6 33. Ba4 Nb8 34. Bd1
Nc6 35. Ba4 Nb8 36. Bd1 Nc6 37. Ba4 1/2-1/2

[Event "Chinese League"]
[Site "Chaongqing CHN"]
[Date "2011.08.12"]
[Round "11"]
[White "Pham, Le Thao Nguyen"]
[Black "Zhai, Mo"]
[Result "1/2-1/2"]
[WhiteTitle "WIM"]
[BlackTitle "WFM"]
[WhiteElo "2349"]
[BlackElo "2136"]
[WhiteTeam "Qingdao"]
[BlackTeam "Hebei"]
[WhiteFideId "12401226"]
[BlackFideId "8600201"]
[EventDate "2011.04.12"]

1. Nf3 Nf6 2. d4 b5 3. Bf4 e6 4. e3 a6 5. Bd3 Bb7 6. Nbd2 c5 7. c3 Nc6 8. h3 Be7
9. Qe2 O-O 10. O-O Re8 11. Rfe1 Bf8 12. Rad1 h6 13. Bg3 Qb6 14. a3 d6 15. Bh4
Nd7 16. Bb1 c4 17. Nf1 Ne7 18. Bxe7 Rxe7 19. Ng3 g6 20. Nh2 Bg7 21. h4 h5 22.
Be4 a5 23. Nf3 Rc8 24. Rc1 Bd5 25. Ng5 Nf6 26. Bf3 Bb7 27. N3e4 Nxe4 28. Bxe4
Rec7 29. Bxb7 Qxb7 30. e4 b4 31. axb4 axb4 32. Qf3 Ra8 33. Rc2 Ra2 34. Rce2 e5
35. d5 Qb5 36. g4 hxg4 37. Qxg4 Qa5 38. Qh3 Bh6 39. Kg2 Qa4 40. Nf3 Qd7 41. h5
Qxh3+ 42. Kxh3 bxc3 43. bxc3 Ra3 44. Rc2 Rb7 45. hxg6 fxg6 46. Rg1 Kf7 47. Nh4
Rbb3 48. Rxg6 Rxc3+ 49. Rxc3 Rxc3+ 50. Kg2 Bf8 51. Rg4 Rb3 52. Nf5 c3 53. Rh4
Kg6 54. Rh1 Kg5 55. Rc1 Kf4 56. Ng3 Be7 57. Rc2 Bd8 58. Rxc3 Rxc3 59. Ne2+ Kxe4
60. Nxc3+ Kd4 61. Ne2+ Kxd5 62. Ng3 Bh4 63. Nf5 Bg5 64. f3 Kc5 65. Kf2 d5 66.
Ke2 Kc4 67. Nd6+ Kc3 68. Nb5+ Kc2 69. Na3+ Kc1 70. Kd3 Kd1 71. Nb5 Ke1 72. Nc7
d4 73. Ne6 Be3 74. Nc5 Kf2 75. Ke4 Bf4 76. Nd3+ Ke2 77. Nc5 Kd2 78. Nd3 Kc3 79.
Nc5 Bh2 80. Nd3 Kc4 81. Nb2+ Kb3 82. Nd3 Kc2 83. f4 Bxf4 84. Nxf4 exf4 85. Kxd4
Kd2 86. Ke4 f3 87. Kxf3 1/2-1/2

[Event "Chinese League"]
[Site "Chaongqing CHN"]
[Date "2011.08.12"]
[Round "11"]
[White "Yu, Lie"]
[Black "Chen, Fan"]
[Result "1-0"]
[WhiteTitle "IM"]
[BlackTitle "FM"]
[WhiteElo "2404"]
[BlackElo "2345"]
[WhiteTeam "Zhejiang"]
[BlackTeam "Sichuan"]
[WhiteFideId "8603715"]
[BlackFideId "8600767"]
[EventDate "2011.04.12"]

1. d4 d5 2. c4 c6 3. Nf3 Nf6 4. Qc2 a6 5. Nbd2 c5 6. cxd5 cxd4 7. Nxd4 Nxd5 8.
N2f3 Nd7 9. e4 Nb4 10. Qb3 e6 11. a3 Nc6 12. Nxc6 bxc6 13. Qc3 Be7 14. Qxg7 Bf6
15. Qh6 Rb8 16. Bc4 Qa5+ 17. b4 Rxb4 18. Bd2 Qc5 19. axb4 Qxc4 20. Rc1 Qb5 21.
Qe3 a5 22. Qe2 Qxe2+ 23. Kxe2 axb4 24. Bxb4 Ba6+ 25. Ke3 Bb5 26. Nd4 Bxd4+ 27.
Kxd4 e5+ 28. Ke3 Nb6 29. Ra1 Rg8 30. Rhd1 Rg6 31. Ra7 Nc4+ 32. Kf3 Rf6+ 33. Kg3
Rg6+ 34. Kh3 Rh6+ 35. Kg3 Rg6+ 36. Kh4 Rh6+ 37. Kg5 Rg6+ 38. Kf5 Nb6 39. Re7+
Kf8 40. Rb7+ Kg7 41. Rxb6 1-0

[Event "Chinese League"]
[Site "Chaongqing CHN"]
[Date "2011.08.12"]
[Round "11"]
[White "Harika, Dronavalli"]
[Black "Wang, Xiaohui"]
[Result "0-1"]
[WhiteTitle "IM"]
[BlackTitle "WIM"]
[WhiteElo "2524"]
[BlackElo "2218"]
[WhiteTeam "Sichuan"]
[BlackTeam "Zhejiang"]
[WhiteFideId "5015197"]
[BlackFideId "8603073"]
[EventDate "2011.04.12"]

1. Nf3 Nf6 2. c4 e6 3. Nc3 d5 4. d4 c6 5. Bg5 h6 6. Bh4 Nbd7 7. e3 Be7 8. Qc2
O-O 9. Rd1 b6 10. Bd3 Bb7 11. O-O Rc8 12. Bg3 dxc4 13. Bxc4 b5 14. Bd3 b4 15.
Ne4 Nxe4 16. Bxe4 Nf6 17. Nd2 Ba6 18. Bd3 Bxd3 19. Qxd3 c5 20. Qb3 Qd5 21. dxc5
Qxc5 22. Qa4 Rfd8 23. Nb3 Qc2 24. Rb1 Ne4 25. Rbc1 Qd3 26. Rxc8 Rxc8 27. Qxa7
Bf6 28. Qb7 Rc2 29. Qxb4 Rxb2 30. Qb8+ Kh7 31. Qc7 Nc3 32. Nc1 Qc2 33. e4 Rb1
34. Bf4 Ne2+ 35. Kh1 Qxc7 36. Bxc7 Bd4 37. a4 Rxc1 38. Rxc1 Nxc1 39. f3 Nd3 40.
g3 Kg8 41. a5 Kf8 42. Bb8 Nc5 43. Ba7 e5 44. f4 f6 45. fxe5 fxe5 46. Kg2 Ke7 47.
Kf3 Ke6 48. h4 h5 49. g4 g6 50. gxh5 gxh5 51. Ke2 Na6 52. Bb6 Bxb6 53. axb6 Nc5
54. Kd2 Nxe4+ 55. Kd3 Kd5 56. Ke3 Nd6 0-1